The genuine account of the life and trial of Eugene Aram : For the murder of Daniel Clark, late of Knaresbrough in the county of York. Who was convicted at York assizes, August 3, 1759, before the Hon. William Noel, Esq. After a short narration of the fact, is prefixed, an account of the remarkable discovery of the human skeleton at thistle-hill: a detail of all the judicial proceedings from the time of the bones being found, to the commitment of Richard Houseman, Eugene Aram, and Henry Terry to York Castle: the depositions of Anna Aram, Philip Coates, John Yates, &c. The examination and confesion of Richard Houseman; the apprehending of Eugene Aram, at Lynn, in Norfolk: with his examination and commitment. To which are added, the remarkable defence he made on his tryal: his own account of himself, written after his condemnation: with the apology, which he left in his cell, for the attempt he made on his own life; and his plan for a Lexicon, some pieces of poetry, &c. All taken immediately from the original depositions, papers and manuscripts of Eugene Aram. To this edition is further added, the surprizing story of Jaques Du Moulin.

Bibliographic Details
Main Author: Aram, Eugene, 1704-1759
Corporate Author: Gale (Firm)
Format: eBook
Language:English
Subjects:
Online Access:Connect to the full text of this electronic book

MARC

Tag First Indicator Second Indicator Subfields
LEADER 00000cam a2200000 4500
001 in00003814721
005 20190415185529.0
006 m o d
007 cr |n||||||||n
008 881026s1759 ie |||| o 00||||eng c
035 |a (CU-RivES)T184717 
035 |a (Uk-ES)006279431 
035 |a (OCoLC)509397944 
040 |a Uk-ES  |c Uk-ES  |d CU-RivES  |d CStRLIN  |d Cengage Gale  |d UtOrBLW 
050 4 |a AC4  |b .A736 1759 
100 1 |a Aram, Eugene,  |d 1704-1759. 
240 1 0 |a Genuine account of the trial of Eugene Aram 
245 1 4 |a The genuine account of the life and trial of Eugene Aram :  |b For the murder of Daniel Clark, late of Knaresbrough in the county of York. Who was convicted at York assizes, August 3, 1759, before the Hon. William Noel, Esq. After a short narration of the fact, is prefixed, an account of the remarkable discovery of the human skeleton at thistle-hill: a detail of all the judicial proceedings from the time of the bones being found, to the commitment of Richard Houseman, Eugene Aram, and Henry Terry to York Castle: the depositions of Anna Aram, Philip Coates, John Yates, &c. The examination and confesion of Richard Houseman; the apprehending of Eugene Aram, at Lynn, in Norfolk: with his examination and commitment. To which are added, the remarkable defence he made on his tryal: his own account of himself, written after his condemnation: with the apology, which he left in his cell, for the attempt he made on his own life; and his plan for a Lexicon, some pieces of poetry, &c. All taken immediately from the original depositions, papers and manuscripts of Eugene Aram. To this edition is further added, the surprizing story of Jaques Du Moulin. 
264 3 |a Dublin :  |b Printed by James Hoey, Jun. in Skinner Row,  |c MDCCLIX. [1759] 
300 |a 1 online resource (81, 1 unnumbered pagesc12⁰, ) 
336 |a text  |b txt  |2 rdacontent 
337 |a computer  |b c  |2 rdamedia 
338 |a online resource  |b cr  |2 rdacarrier 
510 4 |a English Short Title Catalog,  |c T184717. 
500 |a Reproduction of original from National Library of Ireland. 
500 |a Electronic resource. 
600 1 0 |a Clark, Daniel,  |d -1745.  |0 http://id.loc.gov/authorities/names/n96064362 
655 7 |a Electronic books.  |2 local 
710 2 |a Gale (Firm)  |0 http://id.loc.gov/authorities/names/no2008071348 
752 |a Ireland  |d Dublin. 
856 4 0 |u http://proxy.library.tamu.edu/login?url=http://find.galegroup.com/ecco/infomark.do?contentSet=ECCOArticles&docType=ECCOArticles&bookId=1542600800&type=getFullCitation&tabID=T001&prodId=ECCO&docLevel=TEXT_GRAPHICS&version=1.0&source=library&userGroupName=txshracd2898  |z Connect to the full text of this electronic book  |t 0 
999 f f |s e5f45c5e-b2b7-3101-88da-99e127a17908  |i 35c750d5-ddcc-3740-83d6-a05a8c7076bd  |t 0 
952 f f |a Texas A&M University  |b College Station  |c Electronic Resources  |d Available Online  |t 0  |e AC4 .A736 1759  |h Library of Congress classification 
998 f f |a AC4 .A736 1759  |t 0  |l Available Online